书目信息 |
| 题名: |
刑事判例机制研究
|
|
| 作者: | 邓修明 著 | |
| 分册: | ||
| 出版信息: | 北京 法律出版社 2007.11 |
|
| 页数: | 351页 | |
| 开本: | 24cm | |
| 丛书名: | ||
| 单 册: | ||
| 中图分类: | D925.205 | |
| 科图分类: | ||
| 主题词: | 刑事诉讼--xing shi su song--判例--研究--中国 | |
| 电子资源: | ||
| ISBN: | 978-7-5036-7810-3 | |
| 000 | 01011nam0 2200265 450 | |
| 001 | 191000000001 | |
| 005 | 20080917092102.57 | |
| 010 | @a978-7-5036-7810-3@dCNY45.00 | |
| 100 | @a20060829d2007 em y0chiy0121 ea | |
| 101 | 0 | @achi |
| 102 | @aCN@b110000 | |
| 105 | @ay a 000yy | |
| 200 | 1 | @a刑事判例机制研究@Axing shi pan li ji zhi yan jiu@d= Study on criminal judicial precedent mechanism@f邓修明著@zeng |
| 210 | @a北京@c法律出版社@d2007.11 | |
| 215 | @a351页@d24cm | |
| 314 | @a邓修明,先后就读四川教育学院英语系、西南政法大学法学系、四川大学法学陆军,获学士、硕士、博士学位。 | |
| 320 | @a有书目 (第336-349页) | |
| 330 | @a本书以刑事判例理论为起点,在系统解读中外刑事判例机制历史发展的基础上,全面探讨了我国刑事判例机制的构建问题。 | |
| 510 | 1 | @aStudy on criminal judicial precedent mechanism@zeng |
| 606 | 0 | @a刑事诉讼@Axing shi su song@x判例@x研究@y中国 |
| 690 | @aD925.205@v4 | |
| 701 | 0 | @a邓修明@Adeng xiu ming@4著 |
| 801 | 0 | @aCN@c20080917 |
| 905 | @dD925.205@eD324 | |
| 999 | @akzh | |
| 刑事判例机制研究= Study on criminal judicial precedent mechanism/邓修明著.-北京:法律出版社,2007.11 |
| 351页;24cm |
| ISBN 978-7-5036-7810-3:CNY45.00 |
| 本书以刑事判例理论为起点,在系统解读中外刑事判例机制历史发展的基础上,全面探讨了我国刑事判例机制的构建问题。 |
| ● |
| 相关链接 |
|
|
|
正题名:刑事判例机制研究
索取号:D925.205/D324
 
预约/预借
| 序号 | 登录号 | 条形码 | 馆藏地/架位号 | 状态 | 备注 |
| 1 | 679501 | 206795011 | 社科库509/509社科库 101排2列6层/ [索取号:D925.205/D324] | 在馆 | |
| 2 | 679502 | 206795020 | 社科库509/509社科库 101排2列6层/ [索取号:D925.205/D324] | 在馆 | |
| 3 | 679503 | 206795039 | 社科库509/509社科库 101排2列6层/ [索取号:D925.205/D324] | 在馆 |